000 00578cam a2200217 4500
001 J1099
008 090401t xxu||||| |||| 00| 0 eng d
035 _a(Sirsi) u41750
041 _aeng
050 _a333.337094212
110 _aJones Lang Wootton
_92909
245 4 _aThe City office quarterly review. - Second quarter - Fourth quarter 1992
260 _aLondon
_bJones Lang Wootton
_c1992-93
300 _a3 pt. ; 30cm.
350 _a0
650 _aCITY OF LONDON
650 _aOFFICES
690 _aPROPERTY-COMMERCIAL PROPERTY
942 _n0
948 _c04/03/1997
999 _c90976
_d90976